| 000 | 00660nam a2200181 a 4500 | ||
|---|---|---|---|
| 008 | 081121s2007 ||||||||||||||||| || u | ||
| 020 | _a9780340946237 | ||
| 050 | _aHF 5548.4.M523 Ste | ||
| 100 | _aStephen, Moira | ||
| 245 | 1 | 0 | _aTeach yourself excel 2007 |
| 260 |
_aLondon _bHodder Arnold _c2007 |
||
| 300 | _aix, 230p. : ill. | ||
| 350 | _a0.00 | ||
| 650 | _aCOMPUTING | ||
| 650 | _aMICROSOFT EXCEL (COMPUTER FILE) | ||
| 650 | _aELECTRONIC SPREADSHEETS--COMPUTER PROGRAMS | ||
| 995 |
_D0.00 _FCBU-MAIN LIBRARY (Kitwe) _H1 _I0.00 _M1 _UAVAILABLE _WFeb 17, 2009 _ZMain Library Open Access Collection |
||
| 999 |
_c59437 _d59437 |
||